Introducción al tomismo / (Record no. 61660)

MARC details
000 -LEADER
campo de control de longitud fija 00513nam a2200169 i 4500
001 - NÚMERO DE CONTROL
campo de control 61660
003 - IDENTIFICADOR DE NÚMERO DE CONTROL
campo de control ES-MaACL
005 - FECHA Y HORA DE LA ÚLTIMA TRANSACCIÓN
campo de control 20230906164519.0
007 - CAMPO FIJO DE DESCRIPCIÓN FÍSICA--INFORMACIÓN GENERAL
campo de control de longitud fija t|
008 - DATOS DE LONGITUD FIJA--INFORMACIÓN GENERAL
campo de control de longitud fija 031113s1967 sp ||||1| spa d
100 1# - ENTRADA PRINCIPAL--NOMBRE DE PERSONA
Nombre de persona Fabro, Cornelio.
9 (RLIN) 48578
245 10 - MENCIÓN DEL TÍTULO
Título Introducción al tomismo /
Mención de responsabilidad, etc. Cornelio Fabro ; [versión María Francisca de Castro Gil].
260 ## - PUBLICACIÓN, DISTRIBUCIÓN, ETC.
Lugar de publicación, distribución, etc. Madrid :
Nombre del editor, distribuidor, etc. Rialp,
Fecha de publicación, distribución, etc. [1967]
300 ## - DESCRIPCIÓN FÍSICA
Extensión 203 p. ;
Dimensiones 18 cm.
700 1# - ENTRADA AGREGADA--NOMBRE PERSONAL
Nombre de persona Castro Gil, María Francisca de.
9 (RLIN) 36926
852 ## - LOCALIZACIÓN
Ubicación ES-MaACL
Número de control de estantería C-31360
Sublocalización o colección R.61893
Holdings
Estatus retirado Estado de pérdida Estado de daño No para préstamo Biblioteca de origen Biblioteca actual Ubicación en estantería Fecha de adquisición Fuente de adquisición Total de préstamos Signatura topográfica completa Código de barras Visto por última vez Precio de reemplazo Tipo de ítem Koha
        Biblioteca del Ateneo de Madrid Biblioteca del Ateneo de Madrid Depósito 2 17/01/2008     C-31360 1064653 23/02/2023 23/02/2023 Libro impreso